| 000 | 01524nam a2200325 c 4500 | ||
|---|---|---|---|
| 999 |
_c163223 _d163223 |
||
| 003 | BLK | ||
| 005 | 20220519160219.0 | ||
| 008 | 180410b bul|||||r ||||||| ||bul|| | ||
| 010 | _aKNG00170628000 | ||
| 040 | _aBLK | ||
| 041 |
_aBUL _cBUL |
||
| 080 |
_aКниговезко производство. Подвързване на кн. _b686.1 _x(035) _z686.1(035) |
||
| 100 | 1 |
_aМазок, Николай Николаевич _eпърви автор _990799 |
|
| 139 |
_aМазок, Николай Николаевич _bМ 15 |
||
| 245 | 1 | 0 |
_aВсеки може да подвърже книга _bРъководство _cНиколай Николаевич Мазок; прев. от рус. София Исак Варсанова. |
| 257 | _aSUN | ||
| 260 |
_aСофия _bТехника _c1983 _fХасково : Ат. Стратиев |
||
| 300 |
_a132 с. _bс ил. _c22 см |
||
| 380 | _a62 | ||
| 490 | 1 | _aПоредица Направи си сам | |
| 500 | _aОриг. загл. Переплести книгу может каждый / Николай Николаевич Мазок. - 13 114 тир. | ||
| 650 | 4 |
_aКнигоиздаване _9158812 |
|
| 653 | _aкнигоиздаване | ||
| 700 | 1 |
_aВарсанова, София Исак _eпрев. от рус. _945599 |
|
| 852 |
_aЦб 119960 _bЦб |
||
| 856 | 4 | _qpdf | |
| 856 | 4 | _qpdf | |
| 942 |
_cKNG _n0 _04 _s1 |
||
| 944 |
_aCR _c31.01.2015 _l31.01.2015 - от С1,Р / 31.01.2015 _kНаталия_Любомирова |
||
| 944 |
_aED _c2022-05-19 _l2022-05-19 _kСТ |
||
| 999 | _d163223 | ||